000 00366nam a2200145 a 4500
005 20140412111426.0
008 090626s19uu xx 00 eng d
020 _a0-439-06365-5
050 _aTR(PS E
_bYo8 1998
100 _aLucado, Max
245 _aYou are special /
_cMax Lucado.
260 _aU.S.A :
_bScholastic,
_c1998.
300 _a31p.
999 _c106220
_d106220